Celebrities With No Hair by Picture - Statistics

General Stats
  • This quiz has been taken 105 times
  • The average score is 10 of 16
Answer Stats
Picture Answer % Correct
Dwayne Johnson
98%
Kobe Bryant
88%
Michael Jordan
85%
Vin Diesel
85%
Samuel L. Jackson
84%
Pitbull
81%
Bruce Willis
77%
Jason Statham
68%
Shaquille O'Neal
65%
Terry Crews
63%
Patrick Stewart
57%
Dave Chappelle
40%
J.K. Simmons
35%
Ed Harris
32%
James McAvoy
30%
Jason Alexander
29%
No matching quizzes found
Score Distribution
Percent of People with Each Score
Percentile by Number Answered
Your Score History
You have not taken this quiz